Nghiên cứu tính liên tục nghiệm trong tối ưu hóa bằng phương pháp hàm Gap : Luận văn tốt nghiệp Cao học. Chuyên ngành Toán giải tích
Trình bày tính liên tục nghiệm của bài toán tối ưu, bài toán bất đẳng thức biến phân và bài toán cân bằng.
Gorde:
| Egile nagusia: | |
|---|---|
| Formatua: | Liburua |
| Hizkuntza: | Undetermined |
| Argitaratua: |
Cần Thơ
Trường Đại học Cần Thơ
2017
|
| Gaiak: | |
| Etiketak: |
Etiketa erantsi
Etiketarik gabe, Izan zaitez lehena erregistro honi etiketa jartzen!
|
| Thư viện lưu trữ: | Trung tâm Học liệu Trường Đại học Cần Thơ |
|---|
| LEADER | 00965nam a2200205Ia 4500 | ||
|---|---|---|---|
| 001 | CTU_224858 | ||
| 008 | 210402s9999 xx 000 0 und d | ||
| 082 | |a 515 | ||
| 082 | |b Đ110 | ||
| 100 | |a Trần, Tuấn Đạt | ||
| 245 | 0 | |a Nghiên cứu tính liên tục nghiệm trong tối ưu hóa bằng phương pháp hàm Gap : | |
| 245 | 0 | |b Luận văn tốt nghiệp Cao học. Chuyên ngành Toán giải tích | |
| 245 | 0 | |c Trần Tuấn Đạt ; Lâm Quốc Anh (Cán bộ hướng dẫn) | |
| 260 | |a Cần Thơ | ||
| 260 | |b Trường Đại học Cần Thơ | ||
| 260 | |c 2017 | ||
| 520 | |a Trình bày tính liên tục nghiệm của bài toán tối ưu, bài toán bất đẳng thức biến phân và bài toán cân bằng. | ||
| 650 | |a Toán giải tích,Mathematical analysis | ||
| 910 | |b nthai | ||
| 980 | |a Trung tâm Học liệu Trường Đại học Cần Thơ | ||